000
00294nam a2200097Ia 4500
008
230915s9999 xx 000 0 und d
050
_a
LB2844.1.N4.B85 1997
100
_a
ROBERT V.BULLOUGH
245
0
_a
"FIRST-YEAR TEACHER" EIGHT YEARS LATER: AN INQUIRY INTO TEACHER DEVELOPMENT
942
_c
BK
999
_c
169783
_d
169783